[Event "Team men PL final"]
[Site "Sochi"]
[Date "2018.05.02"]
[Round "2.14"]
[White "Palachev, Petr"]
[Black "Esipenko, Andrey"]
[Result "0-1"]
[BlackElo "2587"]
[WhiteElo "2402"]
[LiveChessVersion "1.4.8"]

1. d4 {[%clk 1:30:58]} Nf6 {[%clk 1:30:39]} 2. c4 {[%clk 1:31:16]} e6
{[%clk 1:30:59]} 3. Nf3 {[%clk 1:31:40]} d5 {[%clk 1:30:52]} 4. Nc3
{[%clk 1:31:59]} c6 {[%clk 1:31:07]} 5. e3 {[%clk 1:32:11]} Nbd7 {[%clk 1:31:16]}
6. Qc2 {[%clk 1:32:28]} b6 {[%clk 1:31:19]} 7. b3 {[%clk 1:31:28]} Bb7
{[%clk 1:31:41]} 8. Bd3 {[%clk 1:31:47]} Be7 {[%clk 1:31:59]} 9. O-O
{[%clk 1:31:44]} dxc4 {[%clk 1:32:11]} 10. bxc4 {[%clk 1:31:14]} c5
{[%clk 1:32:24]} 11. d5 {[%clk 1:31:07]} exd5 {[%clk 1:32:36]} 12. cxd5
{[%clk 1:30:59]} Nxd5 {[%clk 1:32:26]} 13. Nxd5 {[%clk 1:30:28]} Bxd5
{[%clk 1:32:46]} 14. Rd1 {[%clk 1:10:38]} Be6 {[%clk 1:28:52]} 15. Bb2
{[%clk 1:02:52]} Bf6 {[%clk 1:26:11]} 16. Bb5 {[%clk 0:35:35]} O-O
{[%clk 1:19:22]} 17. Bxd7 {[%clk 0:31:59]} Bxd7 {[%clk 1:19:36]} 18. Ne5
{[%clk 0:32:23]} Bxe5 {[%clk 1:18:25]} 19. Bxe5 {[%clk 0:32:49]} Qe8
{[%clk 1:04:19]} 20. Qc3 {[%clk 0:28:21]} f6 {[%clk 1:04:10]} 21. Bd6
{[%clk 0:28:15]} Rf7 {[%clk 1:04:21]} 22. Rd2 {[%clk 0:23:32]} Qe6
{[%clk 0:57:19]} 23. a4 {[%clk 0:23:24]} Bc6 {[%clk 0:54:50]} 24. Bg3
{[%clk 0:22:07]} Rd7 {[%clk 0:41:55]} 25. a5 {[%clk 0:22:20]} Rad8
{[%clk 0:35:16]} 26. Rxd7 {[%clk 0:19:34]} Rxd7 {[%clk 0:35:37]} 27. h4
{[%clk 0:10:27]} h6 {[%clk 0:33:26]} 28. f3 {[%clk 0:06:39]} c4 {[%clk 0:26:11]}
29. axb6 {[%clk 0:05:00]} axb6 {[%clk 0:26:05]} 30. Qb4 {[%clk 0:03:40]} b5
{[%clk 0:22:44]} 31. e4 {[%clk 0:03:53]} f5 {[%clk 0:16:22]} 32. Qc5
{[%clk 0:02:04]} fxe4 {[%clk 0:08:52]} 33. Ra6 {[%clk 0:02:27]} exf3
{[%clk 0:08:38]} 34. Qxc6 {[%clk 0:00:41]} Rd1+ {[%clk 0:06:59]} 35. Kh2
{[%clk 0:01:02]} Qxc6 {[%clk 0:06:42]} 36. Rxc6 {[%clk 0:01:29]} Rd2
{[%clk 0:06:46]} 37. Rc8+ {[%clk 0:00:53]} Kf7 {[%clk 0:06:32]} 38. Rc5
{[%clk 0:00:55]} f2 {[%clk 0:05:17]} 39. Bxf2 {[%clk 0:00:36]} Rxf2
{[%clk 0:05:35]} 40. Rxb5 {[%clk 0:31:04]} Ke6 {[%clk 0:31:21]} 41. Rc5
{[%clk 0:22:06]} Rf4 {[%clk 0:30:53]} 42. Kg3 {[%clk 0:18:39]} Kd6
{[%clk 0:28:37]} 43. Rc8 {[%clk 0:19:02]} g5 {[%clk 0:26:00]} 44. hxg5
{[%clk 0:19:17]} hxg5 {[%clk 0:26:21]} 45. Rd8+ {[%clk 0:05:38]} Kc5
{[%clk 0:25:38]} 46. Rc8+ {[%clk 0:05:02]} Kd4 {[%clk 0:25:23]} 47. Rd8+
{[%clk 0:05:04]} Ke3 {[%clk 0:24:00]} 48. Rd5 {[%clk 0:05:16]} g4
{[%clk 0:24:13]} 0-1

[Event "Team men PL final"]
[Site "Sochi"]
[Date "2018.05.02"]
[Round "2.15"]
[White "Iljiushenok, Ilia"]
[Black "Skatchkov, Valery"]
[Result "1-0"]
[BlackElo "2338"]
[WhiteElo "2516"]
[LiveChessVersion "1.4.8"]

1. d4 {[%clk 1:30:56]} Nf6 {[%clk 1:30:44]} 2. c4 {[%clk 1:31:22]} e6
{[%clk 1:31:07]} 3. Nc3 {[%clk 1:31:40]} Bb4 {[%clk 1:31:31]} 4. Qc2
{[%clk 1:32:00]} O-O {[%clk 1:30:28]} 5. Nf3 {[%clk 1:32:09]} d5 {[%clk 1:28:23]}
6. cxd5 {[%clk 1:31:45]} Nxd5 {[%clk 1:24:50]} 7. e4 {[%clk 1:20:49]} Nxc3
{[%clk 1:24:32]} 8. bxc3 {[%clk 1:18:32]} Be7 {[%clk 1:24:56]} 9. Bd3
{[%clk 1:18:19]} b6 {[%clk 1:24:19]} 10. e5 {[%clk 1:17:47]} h6 {[%clk 1:24:40]}
11. Bh7+ {[%clk 1:15:28]} Kh8 {[%clk 1:25:06]} 12. Be4 {[%clk 1:15:53]} c6
{[%clk 1:25:33]} 13. h4 {[%clk 1:14:56]} a5 {[%clk 0:49:19]} 14. Bf4
{[%clk 0:40:53]} Ra7 {[%clk 0:45:38]} 15. Rh3 {[%clk 0:37:39]} Ba3
{[%clk 0:37:31]} 16. Rd1 {[%clk 0:35:15]} Ba6 {[%clk 0:34:54]} 17. Rg3
{[%clk 0:32:22]} Rg8 {[%clk 0:30:25]} 18. h5 {[%clk 0:30:03]} Nd7
{[%clk 0:30:03]} 19. Qd2 {[%clk 0:27:46]} Bf8 {[%clk 0:16:49]} 20. Bb1
{[%clk 0:25:04]} Nb8 {[%clk 0:16:43]} 21. Qc2 {[%clk 0:18:36]} f5
{[%clk 0:17:06]} 22. Rg6 {[%clk 0:18:57]} Qd5 {[%clk 0:16:53]} 23. a4
{[%clk 0:14:54]} Qc4 {[%clk 0:15:09]} 24. Ba2 {[%clk 0:14:20]} Qf1+
{[%clk 0:13:55]} 25. Kd2 {[%clk 0:14:49]} Qxf2+ {[%clk 0:12:03]} 26. Kc1
{[%clk 0:15:13]} Ba3+ {[%clk 0:12:06]} 27. Kb1 {[%clk 0:15:39]} Qxc2+
{[%clk 0:09:32]} 28. Kxc2 {[%clk 0:15:32]} Nd7 {[%clk 0:08:41]} 29. Bxe6
{[%clk 0:09:18]} Nf8 {[%clk 0:08:40]} 30. Bxg8 {[%clk 0:09:43]} Nxg6
{[%clk 0:09:08]} 31. hxg6 {[%clk 0:10:08]} Kxg8 {[%clk 0:09:36]} 32. Kb3
{[%clk 0:10:11]} Be7 {[%clk 0:09:30]} 33. c4 {[%clk 0:10:37]} Bb4
{[%clk 0:08:18]} 34. Bd2 {[%clk 0:06:37]} Be7 {[%clk 0:07:05]} 35. d5
{[%clk 0:06:50]} cxd5 {[%clk 0:07:19]} 36. cxd5 {[%clk 0:07:18]} Bc5
{[%clk 0:07:42]} 37. Bf4 {[%clk 0:06:18]} Kf8 {[%clk 0:05:20]} 38. e6
{[%clk 0:05:14]} Ke7 {[%clk 0:02:14]} 39. Be5 {[%clk 0:04:29]} Ra8
{[%clk 0:01:25]} 40. Nh4 {[%clk 0:34:39]} 1-0

[Event "Team men PL final"]
[Site "Sochi"]
[Date "2018.05.02"]
[Round "2.16"]
[White "Natacheev, Peter"]
[Black "Triapishko, Alexandr"]
[Result "0-1"]
[BlackElo "2510"]
[WhiteElo "2243"]
[LiveChessVersion "1.4.8"]

1. d4 {[%clk 1:30:54]} d5 {[%clk 1:29:29]} 2. Nf3 {[%clk 1:31:07]} Nf6
{[%clk 1:22:40]} 3. c4 {[%clk 1:31:13]} e6 {[%clk 1:22:55]} 4. Nc3
{[%clk 1:30:32]} Bb4 {[%clk 1:23:03]} 5. Bg5 {[%clk 1:22:03]} Nbd7
{[%clk 1:15:17]} 6. Qb3 {[%clk 1:15:40]} c5 {[%clk 1:00:20]} 7. cxd5
{[%clk 1:02:38]} exd5 {[%clk 1:00:26]} 8. Bd2 {[%clk 1:02:01]} O-O
{[%clk 0:49:49]} 9. e3 {[%clk 0:59:05]} Bxc3 {[%clk 0:43:04]} 10. Bxc3
{[%clk 0:59:21]} c4 {[%clk 0:43:00]} 11. Qc2 {[%clk 0:59:38]} Ne4
{[%clk 0:40:52]} 12. b3 {[%clk 0:57:59]} b5 {[%clk 0:29:04]} 13. a4
{[%clk 0:55:54]} Nxc3 {[%clk 0:25:00]} 14. Qxc3 {[%clk 0:56:17]} b4
{[%clk 0:25:12]} 15. Qc2 {[%clk 0:55:18]} c3 {[%clk 0:21:51]} 16. Bd3
{[%clk 0:53:29]} h6 {[%clk 0:19:57]} 17. a5 {[%clk 0:52:33]} a6 {[%clk 0:19:46]}
18. O-O {[%clk 0:52:25]} Bb7 {[%clk 0:19:06]} 19. Bf5 {[%clk 0:51:37]} Bc6
{[%clk 0:18:28]} 20. Rfe1 {[%clk 0:49:48]} Re8 {[%clk 0:17:36]} 21. Bh7+
{[%clk 0:48:50]} Kh8 {[%clk 0:16:20]} 22. Bd3 {[%clk 0:49:09]} Ra7
{[%clk 0:14:31]} 23. Qe2 {[%clk 0:49:08]} Qf6 {[%clk 0:12:46]} 24. Ra2
{[%clk 0:46:59]} Rb8 {[%clk 0:10:16]} 25. Rea1 {[%clk 0:34:21]} Bb5
{[%clk 0:10:11]} 26. Ne1 {[%clk 0:34:43]} Qd6 {[%clk 0:09:45]} 27. Qf3
{[%clk 0:34:29]} Nf6 {[%clk 0:09:04]} 28. Bc2 {[%clk 0:33:47]} g6
{[%clk 0:07:44]} 29. Qh3 {[%clk 0:32:56]} Kg7 {[%clk 0:07:53]} 30. Nf3
{[%clk 0:31:38]} Bd7 {[%clk 0:05:06]} 31. Qh4 {[%clk 0:31:03]} g5
{[%clk 0:05:13]} 32. Qg3 {[%clk 0:31:28]} Ne4 {[%clk 0:03:27]} 33. Qxd6
{[%clk 0:23:10]} Nxd6 {[%clk 0:03:55]} 34. Ne5 {[%clk 0:23:30]} Bb5
{[%clk 0:01:46]} 35. f3 {[%clk 0:23:49]} f6 {[%clk 0:00:50]} 36. Nd3
{[%clk 0:24:14]} Nf5 {[%clk 0:00:35]} 37. Nxb4 {[%clk 0:19:48]} Nxe3
{[%clk 0:01:02]} 38. Kf2 {[%clk 0:19:50]} Re8 {[%clk 0:01:01]} 39. Rc1
{[%clk 0:16:06]} f5 {[%clk 0:00:34]} 40. Bd3 {[%clk 0:43:40]} Bxd3
{[%clk 0:30:52]} 41. Nxd3 {[%clk 0:44:09]} c2 {[%clk 0:21:10]} 42. Nb4
{[%clk 0:39:39]} f4 {[%clk 0:19:26]} 43. g3 {[%clk 0:31:39]} Nd1+
{[%clk 0:11:25]} 44. Kf1 {[%clk 0:31:21]} fxg3 {[%clk 0:05:44]} 45. hxg3
{[%clk 0:31:37]} Rf7 {[%clk 0:04:32]} 46. Nxc2 {[%clk 0:20:04]} Nc3
{[%clk 0:04:33]} 47. Rb2 {[%clk 0:20:30]} Re2 {[%clk 0:03:28]} 48. Ne1
{[%clk 0:19:55]} Rxb2 {[%clk 0:03:53]} 49. Rxc3 {[%clk 0:20:22]} g4
{[%clk 0:02:57]} 50. f4 {[%clk 0:19:55]} Rb7 {[%clk 0:03:12]} 51. Rc6
{[%clk 0:20:03]} R7xb3 {[%clk 0:03:16]} 52. Rxa6 {[%clk 0:19:46]} Re3
{[%clk 0:02:18]} 0-1

[Event "Team men PL final"]
[Site "Sochi"]
[Date "2018.05.02"]
[Round "2.17"]
[White "Chernobay, Artem"]
[Black "Pogorelskikh, Sergey"]
[Result "1/2-1/2"]
[BlackElo "2142"]
[WhiteElo "2510"]
[LiveChessVersion "1.4.8"]

1. d4 {[%clk 1:30:58]} Nf6 {[%clk 1:30:56]} 2. Nf3 {[%clk 1:31:23]} g6
{[%clk 1:31:22]} 3. Bg5 {[%clk 1:31:43]} Bg7 {[%clk 1:31:47]} 4. Nbd2
{[%clk 1:31:34]} O-O {[%clk 1:32:02]} 5. e4 {[%clk 1:28:30]} d5 {[%clk 1:28:15]}
6. Bd3 {[%clk 1:28:33]} dxe4 {[%clk 1:19:24]} 7. Nxe4 {[%clk 1:28:46]} Nxe4
{[%clk 1:18:53]} 8. Bxe4 {[%clk 1:29:11]} c5 {[%clk 1:18:53]} 9. Qd2
{[%clk 1:05:11]} cxd4 {[%clk 1:15:02]} 10. O-O-O {[%clk 1:03:17]} Nc6
{[%clk 1:13:28]} 11. Bh6 {[%clk 0:57:13]} Bg4 {[%clk 1:01:00]} 12. Bxg7
{[%clk 0:55:33]} Kxg7 {[%clk 1:00:31]} 13. Bxc6 {[%clk 0:55:59]} bxc6
{[%clk 1:00:54]} 14. Qxd4+ {[%clk 0:56:22]} Qxd4 {[%clk 1:01:16]} 15. Rxd4
{[%clk 0:56:50]} Bxf3 {[%clk 0:59:28]} 16. gxf3 {[%clk 0:57:16]} Rfd8
{[%clk 0:34:15]} 17. Rhd1 {[%clk 0:57:24]} Rxd4 {[%clk 0:34:28]} 18. Rxd4
{[%clk 0:57:49]} Rb8 {[%clk 0:31:14]} 19. Rd7 {[%clk 0:37:48]} Rb5
{[%clk 0:30:27]} 20. Rxa7 {[%clk 0:32:19]} Rh5 {[%clk 0:30:21]} 21. a4
{[%clk 0:24:32]} Rxh2 {[%clk 0:28:38]} 22. Rd7 {[%clk 0:23:22]} h5
{[%clk 0:06:06]} 23. a5 {[%clk 0:21:36]} h4 {[%clk 0:04:57]} 24. Rd1
{[%clk 0:15:18]} h3 {[%clk 0:03:22]} 25. a6 {[%clk 0:05:13]} Rg2 {[%clk 0:03:45]}
26. Rh1 {[%clk 0:05:15]} h2 {[%clk 0:04:07]} 27. Kd2 {[%clk 0:05:39]} Rg1
{[%clk 0:03:27]} 28. Rxh2 {[%clk 0:06:04]} Ra1 {[%clk 0:03:49]} 29. b4
{[%clk 0:03:13]} Rxa6 {[%clk 0:04:11]} 30. Kd3 {[%clk 0:03:27]} Rb6
{[%clk 0:01:39]} 31. c3 {[%clk 0:03:34]} Kf6 {[%clk 0:01:50]} 32. Rh4
{[%clk 0:03:38]} Ke6 {[%clk 0:01:14]} 33. Re4+ {[%clk 0:03:20]} Kd7
{[%clk 0:01:21]} 34. Re5 {[%clk 0:01:57]} Kd6 {[%clk 0:00:42]} 35. Ra5
{[%clk 0:02:15]} Rb8 {[%clk 0:00:46]} 36. Ke4 {[%clk 0:01:16]} Rh8
{[%clk 0:00:52]} 37. Ra6 {[%clk 0:01:13]} Kc7 {[%clk 0:00:55]} 38. Ra7+
{[%clk 0:01:13]} Kd6 {[%clk 0:01:20]} 39. Ra6 {[%clk 0:01:35]} Kc7
{[%clk 0:01:45]} 40. Ra7+ {[%clk 0:31:38]} Kd6 {[%clk 0:32:10]} 41. Ra6
{[%clk 0:27:56]} 1/2-1/2

[Event "Team men PL final"]
[Site "Sochi"]
[Date "2018.05.02"]
[Round "2.18"]
[White "Vdovin, Maxim"]
[Black "Ofitserian, Boris"]
[Result "0-1"]
[BlackElo "2421"]
[WhiteElo "2139"]
[LiveChessVersion "1.4.8"]

1. d4 {[%clk 1:30:58]} Nf6 {[%clk 1:30:52]} 2. Nf3 {[%clk 1:31:23]} g6
{[%clk 1:31:14]} 3. g3 {[%clk 1:31:48]} Bg7 {[%clk 1:31:31]} 4. Bg2
{[%clk 1:32:13]} d5 {[%clk 1:31:18]} 5. O-O {[%clk 1:32:24]} O-O {[%clk 1:31:15]}
6. Nbd2 {[%clk 1:32:00]} c6 {[%clk 1:24:52]} 7. c4 {[%clk 1:30:38]} a5
{[%clk 1:18:54]} 8. Re1 {[%clk 1:20:47]} a4 {[%clk 1:09:10]} 9. Ne5
{[%clk 1:05:46]} Bf5 {[%clk 1:06:31]} 10. e4 {[%clk 1:04:46]} dxe4
{[%clk 1:06:16]} 11. Nxe4 {[%clk 0:59:22]} Nxe4 {[%clk 1:02:55]} 12. Bxe4
{[%clk 0:59:47]} Bxe5 {[%clk 1:02:03]} 13. Bxf5 {[%clk 1:00:12]} Bxd4
{[%clk 1:01:41]} 14. Bc2 {[%clk 0:56:48]} Qb6 {[%clk 0:44:50]} 15. Rxe7
{[%clk 0:50:49]} Bxf2+ {[%clk 0:45:15]} 16. Kh1 {[%clk 0:51:06]} Bc5
{[%clk 0:31:33]} 17. Re2 {[%clk 0:44:01]} Rd8 {[%clk 0:26:17]} 18. Rd2
{[%clk 0:44:21]} Bd4 {[%clk 0:17:23]} 19. Bxa4 {[%clk 0:38:56]} c5
{[%clk 0:17:45]} 20. Rd3 {[%clk 0:29:19]} Qe6 {[%clk 0:16:02]} 21. Bb5
{[%clk 0:27:26]} Nd7 {[%clk 0:13:27]} 22. Bf4 {[%clk 0:23:57]} Nf6
{[%clk 0:09:10]} 23. Bg5 {[%clk 0:22:14]} Ne4 {[%clk 0:08:59]} 24. Be3
{[%clk 0:20:46]} Bxe3 {[%clk 0:04:21]} 25. Rxd8+ {[%clk 0:20:58]} Kg7
{[%clk 0:04:45]} 26. Kg2 {[%clk 0:19:13]} Nf2 {[%clk 0:05:07]} 27. Rxa8
{[%clk 0:11:51]} Nxd1 {[%clk 0:05:31]} 28. Rxd1 {[%clk 0:12:03]} Qe4+
{[%clk 0:05:56]} 29. Kh3 {[%clk 0:12:10]} Qf5+ {[%clk 0:06:09]} 30. Kg2
{[%clk 0:12:30]} Qc2+ {[%clk 0:05:59]} 31. Kf3 {[%clk 0:12:52]} Qf2+
{[%clk 0:05:33]} 32. Ke4 {[%clk 0:13:03]} Qe2 {[%clk 0:05:59]} 33. Rd5
{[%clk 0:12:01]} f5+ {[%clk 0:05:59]} 34. Ke5 {[%clk 0:12:26]} Bf4+
{[%clk 0:06:20]} 35. Kxf4 {[%clk 0:12:50]} Qe4+ {[%clk 0:06:45]} 0-1

[Event "Team men PL final"]
[Site "Sochi"]
[Date "2018.05.02"]
[Round "2.21"]
[White "Maletin, Pavel"]
[Black "Timofeev, Artyom"]
[Result "0-1"]
[BlackElo "2579"]
[WhiteElo "2572"]
[LiveChessVersion "1.4.8"]

1. Nf3 {[%clk 1:30:50]} d5 {[%clk 1:30:35]} 2. g3 {[%clk 1:30:11]} Nf6
{[%clk 1:30:52]} 3. Bg2 {[%clk 1:30:27]} e6 {[%clk 1:31:02]} 4. O-O
{[%clk 1:30:11]} Be7 {[%clk 1:31:22]} 5. c4 {[%clk 1:29:34]} O-O {[%clk 1:31:41]}
6. d4 {[%clk 1:29:20]} dxc4 {[%clk 1:31:40]} 7. Qc2 {[%clk 1:23:15]} c6
{[%clk 1:31:32]} 8. a4 {[%clk 1:12:23]} b6 {[%clk 1:30:37]} 9. Na3
{[%clk 1:02:27]} Bb7 {[%clk 1:29:26]} 10. Rd1 {[%clk 0:58:51]} Nbd7
{[%clk 1:25:11]} 11. Ne5 {[%clk 0:46:35]} Qc8 {[%clk 1:20:59]} 12. Naxc4
{[%clk 0:37:10]} c5 {[%clk 1:15:00]} 13. Nxd7 {[%clk 0:30:17]} Nxd7
{[%clk 1:14:52]} 14. Bxb7 {[%clk 0:28:24]} Qxb7 {[%clk 1:15:16]} 15. dxc5
{[%clk 0:28:48]} Nxc5 {[%clk 1:10:57]} 16. Be3 {[%clk 0:28:51]} Rac8
{[%clk 1:09:37]} 17. Rac1 {[%clk 0:26:14]} Qa6 {[%clk 0:40:17]} 18. b3
{[%clk 0:25:03]} h6 {[%clk 0:40:34]} 19. Bxc5 {[%clk 0:22:23]} Bxc5
{[%clk 0:40:07]} 20. Qe4 {[%clk 0:22:08]} Rc7 {[%clk 0:35:05]} 21. Ne5
{[%clk 0:16:59]} Qb7 {[%clk 0:33:48]} 22. Qxb7 {[%clk 0:12:55]} Rxb7
{[%clk 0:34:13]} 23. a5 {[%clk 0:10:40]} f6 {[%clk 0:27:32]} 24. Ng6
{[%clk 0:07:36]} Rff7 {[%clk 0:22:33]} 25. Nf4 {[%clk 0:07:43]} e5
{[%clk 0:16:38]} 26. Ne6 {[%clk 0:07:08]} Rfe7 {[%clk 0:09:20]} 27. Nd8
{[%clk 0:02:44]} Rbc7 {[%clk 0:05:39]} 28. b4 {[%clk 0:01:49]} Bxb4
{[%clk 0:05:36]} 29. Nc6 {[%clk 0:02:13]} Bxa5 {[%clk 0:03:16]} 30. Nxe7+
{[%clk 0:02:28]} Rxe7 {[%clk 0:03:43]} 31. Rc4 {[%clk 0:02:39]} Kf7
{[%clk 0:03:44]} 32. e4 {[%clk 0:01:57]} Rb7 {[%clk 0:03:37]} 33. Rd5
{[%clk 0:01:10]} b5 {[%clk 0:03:05]} 34. Rc6 {[%clk 0:00:53]} Bb6
{[%clk 0:03:07]} 35. Kf1 {[%clk 0:01:09]} Bd4 {[%clk 0:03:04]} 36. f4
{[%clk 0:00:44]} b4 {[%clk 0:01:08]} 37. Ke2 {[%clk 0:00:58]} b3 {[%clk 0:01:21]}
38. Rc1 {[%clk 0:01:25]} b2 {[%clk 0:01:08]} 39. Rb1 {[%clk 0:01:53]} Rb3
{[%clk 0:01:06]} 40. Kd2 {[%clk 0:32:03]} Ke6 {[%clk 0:30:41]} 41. Ra5
{[%clk 0:28:03]} Rf3 {[%clk 0:26:33]} 42. fxe5 {[%clk 0:27:03]} fxe5
{[%clk 0:26:51]} 43. Ra6+ {[%clk 0:27:25]} Kf7 {[%clk 0:26:21]} 44. Kc2
{[%clk 0:18:54]} Rf2+ {[%clk 0:24:25]} 45. Kb3 {[%clk 0:19:10]} Rxh2
{[%clk 0:24:47]} 46. Rf1+ {[%clk 0:19:22]} Kg8 {[%clk 0:25:08]} 47. Ka2
{[%clk 0:19:13]} Re2 {[%clk 0:24:11]} 48. Ra3 {[%clk 0:16:26]} Rxe4
{[%clk 0:23:55]} 49. Rb3 {[%clk 0:15:57]} Rg4 {[%clk 0:23:17]} 50. Rd3
{[%clk 0:14:31]} Rg6 {[%clk 0:23:18]} 51. Ra3 {[%clk 0:14:34]} Kh7
{[%clk 0:23:33]} 52. Kb1 {[%clk 0:14:00]} Rc6 {[%clk 0:23:47]} 53. Rd1
{[%clk 0:13:47]} Kg6 {[%clk 0:23:56]} 54. Rf1 {[%clk 0:13:08]} Kg5
{[%clk 0:24:13]} 55. Re1 {[%clk 0:12:57]} h5 {[%clk 0:24:29]} 56. Rf1
{[%clk 0:12:42]} g6 {[%clk 0:24:10]} 57. Re1 {[%clk 0:12:48]} Kf5
{[%clk 0:23:47]} 58. Rh1 {[%clk 0:11:43]} g5 {[%clk 0:23:48]} 59. Rb3
{[%clk 0:11:20]} Kg4 {[%clk 0:23:59]} 60. Ra3 {[%clk 0:10:52]} h4
{[%clk 0:22:58]} 61. gxh4 {[%clk 0:09:40]} gxh4 {[%clk 0:23:19]} 62. Rb3
{[%clk 0:09:01]} Ra6 {[%clk 0:22:45]} 0-1

[Event "Team men PL final"]
[Site "Sochi"]
[Date "2018.05.02"]
[Round "2.22"]
[White "Iljin, Artem"]
[Black "Tsydypov, Zhamsaran"]
[Result "1/2-1/2"]
[BlackElo "2525"]
[WhiteElo "2528"]
[LiveChessVersion "1.4.8"]

1. Nf3 {[%clk 1:30:50]} Nf6 {[%clk 1:28:25]} 2. c4 {[%clk 1:30:29]} e6
{[%clk 1:28:39]} 3. g3 {[%clk 1:26:24]} d5 {[%clk 1:28:31]} 4. Bg2
{[%clk 1:25:57]} Be7 {[%clk 1:28:35]} 5. O-O {[%clk 1:25:33]} O-O
{[%clk 1:29:00]} 6. d4 {[%clk 1:14:37]} Nbd7 {[%clk 1:28:28]} 7. Qc2
{[%clk 1:07:50]} c6 {[%clk 1:27:36]} 8. Nbd2 {[%clk 0:58:25]} b6 {[%clk 1:26:51]}
9. e4 {[%clk 0:58:01]} Ba6 {[%clk 1:24:41]} 10. b3 {[%clk 0:53:33]} Rc8
{[%clk 1:21:56]} 11. Rd1 {[%clk 0:49:52]} c5 {[%clk 1:21:06]} 12. exd5
{[%clk 0:48:25]} exd5 {[%clk 1:20:37]} 13. Nf1 {[%clk 0:47:24]} cxd4
{[%clk 1:10:13]} 14. Nxd4 {[%clk 0:47:04]} b5 {[%clk 1:10:34]} 15. Ne3
{[%clk 0:43:58]} bxc4 {[%clk 1:07:47]} 16. Nxd5 {[%clk 0:41:39]} Nxd5
{[%clk 1:07:17]} 17. Bxd5 {[%clk 0:42:01]} cxb3 {[%clk 1:06:08]} 18. Qxb3
{[%clk 0:40:13]} Qb6 {[%clk 1:00:43]} 19. Be3 {[%clk 0:30:09]} Nc5
{[%clk 0:46:05]} 20. Qxb6 {[%clk 0:27:11]} axb6 {[%clk 0:46:21]} 21. Nf5
{[%clk 0:17:35]} Bf6 {[%clk 0:45:30]} 22. Bd4 {[%clk 0:17:32]} Bxd4
{[%clk 0:45:16]} 23. Rxd4 {[%clk 0:17:53]} Rc7 {[%clk 0:45:03]} 24. Rad1
{[%clk 0:12:01]} g6 {[%clk 0:42:02]} 25. Ne3 {[%clk 0:11:36]} Rfc8
{[%clk 0:41:01]} 26. Rb4 {[%clk 0:09:43]} Nd7 {[%clk 0:39:04]} 27. Kg2
{[%clk 0:08:18]} Kg7 {[%clk 0:32:56]} 28. h4 {[%clk 0:08:13]} Ra7
{[%clk 0:30:55]} 29. Nc4 {[%clk 0:06:44]} Nf6 {[%clk 0:29:58]} 30. Nxb6
{[%clk 0:04:36]} Rd8 {[%clk 0:30:15]} 31. Bf3 {[%clk 0:03:31]} Rxd1
{[%clk 0:30:39]} 32. Bxd1 {[%clk 0:03:59]} Bb7+ {[%clk 0:31:04]} 33. Bf3
{[%clk 0:04:14]} Bxf3+ {[%clk 0:31:25]} 34. Kxf3 {[%clk 0:04:42]} Ra3+
{[%clk 0:31:02]} 35. Rb3 {[%clk 0:04:52]} Rxa2 {[%clk 0:31:26]} 36. Nc4
{[%clk 0:05:15]} h5 {[%clk 0:31:39]} 37. Rb2 {[%clk 0:04:58]} Rxb2
{[%clk 0:30:50]} 38. Nxb2 {[%clk 0:05:24]} Ng4 {[%clk 0:31:06]} 39. Nd3
{[%clk 0:05:33]} Kf6 {[%clk 0:31:30]} 40. Kf4 {[%clk 0:35:47]} Nh6
{[%clk 1:01:54]} 41. Nc5 {[%clk 0:36:05]} 1/2-1/2

[Event "Team men PL final"]
[Site "Sochi"]
[Date "2018.05.02"]
[Round "2.23"]
[White "Bocharov, Ivan"]
[Black "Hasangatin, Ramil"]
[Result "1-0"]
[BlackElo "2502"]
[WhiteElo "2547"]
[LiveChessVersion "1.4.8"]

1. e4 {[%clk 1:31:00]} c5 {[%clk 1:30:51]} 2. Nf3 {[%clk 1:31:25]} e6
{[%clk 1:31:13]} 3. d4 {[%clk 1:31:48]} cxd4 {[%clk 1:31:37]} 4. Nxd4
{[%clk 1:32:17]} Nf6 {[%clk 1:31:37]} 5. Nc3 {[%clk 1:32:34]} Nc6
{[%clk 1:32:02]} 6. Ndb5 {[%clk 1:32:42]} Bb4 {[%clk 1:32:25]} 7. a3
{[%clk 1:32:53]} Bxc3+ {[%clk 1:32:49]} 8. Nxc3 {[%clk 1:33:22]} d5
{[%clk 1:33:11]} 9. exd5 {[%clk 1:33:39]} exd5 {[%clk 1:33:33]} 10. Bd3
{[%clk 1:33:17]} O-O {[%clk 1:33:54]} 11. O-O {[%clk 1:33:37]} d4
{[%clk 1:34:20]} 12. Ne4 {[%clk 1:28:20]} Bf5 {[%clk 1:34:35]} 13. Bg5
{[%clk 1:26:05]} Bxe4 {[%clk 1:34:47]} 14. Bxe4 {[%clk 1:25:41]} h6
{[%clk 1:35:09]} 15. Bxf6 {[%clk 1:24:31]} Qxf6 {[%clk 1:35:26]} 16. Re1
{[%clk 1:21:42]} Rfd8 {[%clk 1:19:30]} 17. Qh5 {[%clk 1:19:13]} Qg5
{[%clk 1:06:34]} 18. Qh3 {[%clk 1:05:57]} Re8 {[%clk 0:55:20]} 19. Qf3
{[%clk 0:59:27]} Re6 {[%clk 0:51:55]} 20. Bd5 {[%clk 0:34:36]} Rf6
{[%clk 0:48:55]} 21. Qb3 {[%clk 0:33:59]} Rd8 {[%clk 0:44:18]} 22. Be4
{[%clk 0:30:44]} Qf4 {[%clk 0:24:41]} 23. Qg3 {[%clk 0:30:11]} Qd2
{[%clk 0:22:06]} 24. Rad1 {[%clk 0:29:28]} Qa5 {[%clk 0:22:32]} 25. Bd3
{[%clk 0:29:34]} Qb6 {[%clk 0:12:29]} 26. b4 {[%clk 0:28:02]} a5 {[%clk 0:11:09]}
27. b5 {[%clk 0:27:38]} Na7 {[%clk 0:10:07]} 28. Re5 {[%clk 0:27:00]} Nc8
{[%clk 0:07:00]} 29. Rde1 {[%clk 0:27:11]} Kf8 {[%clk 0:07:19]} 30. Qh4
{[%clk 0:18:12]} Nd6 {[%clk 0:07:00]} 31. g4 {[%clk 0:16:51]} Re8
{[%clk 0:02:25]} 32. g5 {[%clk 0:16:34]} Rxe5 {[%clk 0:01:59]} 33. Rxe5
{[%clk 0:17:02]} Re6 {[%clk 0:02:20]} 34. Rxe6 {[%clk 0:16:36]} fxe6
{[%clk 0:02:48]} 35. gxh6 {[%clk 0:16:59]} gxh6 {[%clk 0:02:42]} 36. Qxh6+
{[%clk 0:13:46]} Ke7 {[%clk 0:03:04]} 37. Qg5+ {[%clk 0:13:41]} Kd7
{[%clk 0:03:10]} 38. h4 {[%clk 0:13:53]} Qd8 {[%clk 0:02:34]} 39. Qg7+
{[%clk 0:14:13]} Qe7 {[%clk 0:02:15]} 40. Qxd4 {[%clk 0:44:35]} e5
{[%clk 0:32:34]} 41. Qg4+ {[%clk 0:42:34]} Kc7 {[%clk 0:29:35]} 42. Qg5
{[%clk 0:42:34]} Qxg5+ {[%clk 0:22:39]} 43. hxg5 {[%clk 0:43:02]} e4
{[%clk 0:22:58]} 44. Bf1 {[%clk 0:41:19]} Kd7 {[%clk 0:23:23]} 45. b6
{[%clk 0:38:02]} Kc6 {[%clk 0:22:28]} 46. g6 {[%clk 0:37:31]} Nf5
{[%clk 0:20:42]} 47. Bg2 {[%clk 0:37:38]} Kd5 {[%clk 0:21:10]} 48. Kh2
{[%clk 0:37:29]} Ke5 {[%clk 0:21:16]} 49. Kh3 {[%clk 0:37:51]} Kf6
{[%clk 0:20:37]} 50. c4 {[%clk 0:34:16]} e3 {[%clk 0:16:37]} 51. fxe3
{[%clk 0:34:31]} Nxe3 {[%clk 0:16:36]} 52. c5 {[%clk 0:34:51]} 1-0